00501nam a22001937a 4500003000500000005001700005008004100022010001100063011001100074020001500085035001100100040000900111082001300120100001800133245006100151260004400212300003000256650002100286CHAP20220329143716.0110318s1981 enka r 00010 eng d a100689 a101661 a0340208309 a112349 cCHAP04a539bW691 aWilson, D. E.10aEssential ideas in physical chemistryc/por D. E. Wilson aLondres :bHodder and Stoughton,cc1981 a174 p. :bilus., gráfs.14aFisicoquímica.